[Event "Dieren Reserve-A"]
[Site "Dieren"]
[Date "2013.07.30"]
[Round "7"]
[White "De Ruiter, Tom"]
[Black "Reinders, Joan"]
[Result "0-1"]
[WhiteElo "1747"]
[BlackElo "1907"]
[PlyCount "26"]
[EventDate "2013.07.23"]
[EventType "swiss"]
[EventRounds "9"]
[EventCountry "NED"]
[SourceTitle "EXT 2014"]
[Source "ChessBase"]
[SourceDate "2013.11.20"]
[SourceVersion "1"]
[SourceVersionDate "2013.11.20"]
[SourceQuality "1"]

1. e4 e5 2. Nf3 Nc6 3. d4 exd4 4. Bc4 Nf6 5. e5 d5 6. Bb5 Ne4 7. Nxd4 Bc5 8. Nxc6 Bxf2+ 9. Kf1 bxc6 10. Bxc6+ Kf8 11. Bxd5 Ba6+ 12. c4 Bxc4+ 13. Bxc4 Qxd1# 0-1

[Event "Bussum op"]
[Site "Bussum"]
[Date "2008.05.09"]
[Round "1"]
[White "De Ruiter, Tom"]
[Black "Miezis, Normunds"]
[Result "0-1"]
[WhiteElo "2173"]
[BlackElo "2553"]
[PlyCount "54"]
[EventDate "2008.05.09"]
[EventType "swiss"]
[EventRounds "7"]
[EventCountry "NED"]
[SourceTitle "CBM 124 Extra"]
[Source "ChessBase"]
[SourceDate "2008.07.03"]
[SourceVersion "1"]
[SourceVersionDate "2008.07.03"]
[SourceQuality "1"]

1. e4 c5 2. f4 Nc6 3. Nf3 g6 4. Bb5 Bg7 5. Bxc6 dxc6 6. d3 Nf6 7. 0-0 0-0 8. Qe2 Qb6 9. c4 Nh5 10. Nc3 Qc7 11. Ne1 e5 12. g3 exf4 13. g4 Nf6 14. Bxf4 Qe7 15. h3 h5 16. e5 Nh7 17. gxh5 Bxh3 18. Ng2 Rae8 19. Rae1 g5 20. Bg3 f5 21. exf6 Qxe2 22. Rxe2 Rxe2 23. Nxe2 Rxf6 24. Bf2 b6 25. Nc3 Re6 26. Rd1 Bg4 27. Rd2 Bxh5 0-1